Structure and working of viillage panchayats: a survey based on case in Bombay and Madras (Record no. 422447)

000 -LEADER
fixed length control field 00358cam a22001097a 4500
008 - FIXED-LENGTH DATA ELEMENTS--GENERAL INFORMATION
fixed length control field 180718b1954 xxu||||| |||| 00| 0 eng d
082 ## - DEWEY DECIMAL CLASSIFICATION NUMBER
Classification number B73x54 R18
100 ## - MAIN ENTRY--PERSONAL NAME
Personal name Rao, A.V.Raman
245 ## - TITLE STATEMENT
Title Structure and working of viillage panchayats: a survey based on case in Bombay and Madras
Statement of responsibility, etc. by A.V.Raman Rao
260 ## - PUBLICATION, DISTRIBUTION, ETC.
Place of publication, distribution, etc. Poona
Name of publisher, distributor, etc. D.R. Gadgil
Date of publication, distribution, etc. 1954
300 ## - PHYSICAL DESCRIPTION
Extent xvi, 218p
Holdings
Withdrawn status Lost status Damaged status Not for loan Permanent Location Current Location Date acquired Full call number Barcode Date last seen Price effective from Koha item type
        Indian Institute of Public Administration Indian Institute of Public Administration 2009-08-20 B73x54 R18 2314 2018-07-21 2018-07-21 Book

Powered by Koha